<?xml version="1.0" encoding="UTF-8"?>
<record
    xmlns:xsi="http://www.w3.org/2001/XMLSchema-instance"
    xsi:schemaLocation="http://www.loc.gov/MARC21/slim http://www.loc.gov/standards/marcxml/schema/MARC21slim.xsd"
    xmlns="http://www.loc.gov/MARC21/slim">

  <leader>01498nam a2200337uu 4500</leader>
  <controlfield tag="001">1193708</controlfield>
  <controlfield tag="005">20260507135302.0</controlfield>
  <controlfield tag="007">cr|||||||</controlfield>
  <controlfield tag="008">100316e20100316                    spa  </controlfield>
  <datafield tag="035" ind1=" " ind2=" ">
    <subfield code="a">1193708</subfield>
  </datafield>
  <datafield tag="040" ind1=" " ind2=" ">
    <subfield code="c">comduadb</subfield>
  </datafield>
  <datafield tag="041" ind1=" " ind2=" ">
    <subfield code="a">spa</subfield>
  </datafield>
  <datafield tag="080" ind1=" " ind2=" ">
    <subfield code="a">EGM</subfield>
  </datafield>
  <datafield tag="100" ind1="1" ind2="0">
    <subfield code="a">Rinc&#xF3;n Cardona, Juan Pablo</subfield>
    <subfield code="4">aut</subfield>
    <subfield code="e">aut</subfield>
    <subfield code="9">595429</subfield>
  </datafield>
  <datafield tag="245" ind1="1" ind2="0">
    <subfield code="a">Monitoreo en l&#xED;nea de autotransformadores de potencia de 150 MVA de la subestaci&#xF3;n San Carlos a 500 KV</subfield>
  </datafield>
  <datafield tag="260" ind1=" " ind2=" ">
    <subfield code="a">Medell&#xED;n :</subfield>
    <subfield code="b">[sin publicador],</subfield>
    <subfield code="c">2010.</subfield>
  </datafield>
  <datafield tag="300" ind1=" " ind2=" ">
    <subfield code="a">79 p&#xE1;ginas</subfield>
  </datafield>
  <datafield tag="520" ind1="3" ind2=" ">
    <subfield code="a">Este trabajo trata el tema de mantenimiento de transformadores de potencia, desde el punto de vista de an&#xE1;lisis de gases disueltos -AGD- en aceite mineral. El aceite mineral es uno de los principales medios de aislamiento y refrigeraci&#xF3;n de los mismos. En el trabajo se exploran los principales m&#xE9;todos usados internacionalmente para hacer el diagn&#xF3;stico de transformadores de potencia basados en AGD.</subfield>
  </datafield>
  <datafield tag="650" ind1=" " ind2=" ">
    <subfield code="a">Autotransformadores</subfield>
    <subfield code="9">68477</subfield>
  </datafield>
  <datafield tag="650" ind1=" " ind2=" ">
    <subfield code="a">Redes de monitoreo</subfield>
    <subfield code="9">132078</subfield>
  </datafield>
  <datafield tag="650" ind1=" " ind2=" ">
    <subfield code="a">Subestaci&#xF3;n San Carlos - Sabanalarga</subfield>
    <subfield code="9">75635</subfield>
  </datafield>
  <datafield tag="650" ind1=" " ind2=" ">
    <subfield code="a">Transformadores de potencia</subfield>
    <subfield code="9">64531</subfield>
  </datafield>
  <datafield tag="650" ind1=" " ind2=" ">
    <subfield code="a">Gases disueltos</subfield>
    <subfield code="9">2154</subfield>
  </datafield>
  <datafield tag="650" ind1=" " ind2="7">
    <subfield code="a">Aceites minerales</subfield>
    <subfield code="2">embne</subfield>
    <subfield code="9">19500</subfield>
  </datafield>
  <datafield tag="700" ind1="1" ind2="0">
    <subfield code="a">Luque L&#xF3;pez, V&#xED;ctor Dar&#xED;o</subfield>
    <subfield code="4">aut</subfield>
    <subfield code="e">aut</subfield>
    <subfield code="9">590188</subfield>
  </datafield>
  <datafield tag="700" ind1="1" ind2="0">
    <subfield code="a">Mesa &#xC1;lvarez, Juan Carlos</subfield>
    <subfield code="4">aut</subfield>
    <subfield code="e">aut</subfield>
    <subfield code="9">595430</subfield>
  </datafield>
  <datafield tag="700" ind1="1" ind2="0">
    <subfield code="a">Hincapi&#xE9; Botero, Luis Guillermo</subfield>
    <subfield code="4">ths</subfield>
    <subfield code="e">ths</subfield>
    <subfield code="9">453630</subfield>
  </datafield>
  <datafield tag="942" ind1=" " ind2=" ">
    <subfield code="c">TESIS</subfield>
  </datafield>
  <datafield tag="999" ind1=" " ind2=" ">
    <subfield code="c">544852</subfield>
    <subfield code="d">544852</subfield>
  </datafield>
  <datafield tag="502" ind1=" " ind2=" ">
    <subfield code="b">192</subfield>
    <subfield code="c">17</subfield>
  </datafield>
  <datafield tag="526" ind1=" " ind2=" ">
    <subfield code="a">194</subfield>
  </datafield>
  <datafield tag="952" ind1=" " ind2=" ">
    <subfield code="0">0</subfield>
    <subfield code="1">0</subfield>
    <subfield code="4">0</subfield>
    <subfield code="7">0</subfield>
    <subfield code="8">TESELEC</subfield>
    <subfield code="a">CENDI</subfield>
    <subfield code="b">CENDI</subfield>
    <subfield code="d">2019-08-27</subfield>
    <subfield code="e">Material adquirido por donaci&#xF3;n</subfield>
    <subfield code="i">C1319294</subfield>
    <subfield code="l">0</subfield>
    <subfield code="o">EGM 05668</subfield>
    <subfield code="r">2023-04-29 00:00:00</subfield>
    <subfield code="t">1</subfield>
    <subfield code="w">2023-04-29</subfield>
    <subfield code="y">INTER</subfield>
    <subfield code="z">Acceso restringido.</subfield>
  </datafield>
</record>
